Taiwan Railway South Link Line - Statistiques

Statistiques générales
  • Ce quiz a été pris 19 fois
  • Le résultat moyen est 7 sur 11
Statistiques - réponses
Hint Réponse % Correct
6000 臺東 Taitung
100%
5120 枋寮 Fangliao
78%
5160 枋山 Fangshan
78%
5190 大武 Dawu
67%
5210 金崙 Jinlun
67%
5220 太麻里 Taimali
67%
5230 知本 Zhiben
67%
5130 加祿 Jialu
56%
5240 康樂 Kangle
56%
5200 瀧溪 Longxi
56%
5140 內獅 Neishi
56%
Aucun quiz correspondant
Distribution des résultats
% des personnes avec chaque résultat
Percentile par nombre de réponses
Votre historique - résultats
Vous n’avez pas pris ce quiz